书目信息 |
| 题名: |
类人猿、赛博格和女人
|
|
| 作者: | 哈拉维 著 ;陈静 译 | |
| 分册: | ||
| 出版信息: | 郑州 河南大学出版社 2016.12 |
|
| 页数: | 537页 | |
| 开本: | 20cm | |
| 丛书名: | 人文科学译丛 | |
| 单 册: | ||
| 中图分类: | C913.68 | |
| 科图分类: | ||
| 主题词: | 妇女学--研究 | |
| 电子资源: | ||
| ISBN: | 978-7-5649-2567-3 | |
| 000 | 01241oam2 2200313 450 | |
| 001 | 0120172131154 | |
| 005 | 20170908091250.07 | |
| 010 | @a978-7-5649-2567-3@b精装@dCNY78.00 | |
| 100 | @a20170324d2016 em y0chiy50 ea | |
| 101 | 1 | @achi@ceng |
| 102 | @aCN@b410000 | |
| 105 | @ay z 000yy | |
| 106 | @ar | |
| 200 | 1 | @a类人猿、赛博格和女人@9lei ren yuan 、 sai bo ge he nv ren@e自然的重塑@dSimians, cyborgs, and women@ethe reinvention of nature@f(美)唐娜·哈拉维(Donna J. Haraway)著@g陈静译@zeng |
| 205 | @a2版 | |
| 210 | @a郑州@c河南大学出版社@d2016.12 | |
| 215 | @a537页@d20cm | |
| 225 | 2 | @a人文科学译丛 |
| 330 | @a本书作者仔细研究了出版物、论文、通信以及灵长类研究考察和制度的历史,揭示了现有社会关系起源的历史构建——种族、性别和阶级的自然化。分析了自然创造、现存有机体和赛博格的原因、叙述和故事。 | |
| 333 | @a人文科学研究者 | |
| 461 | 0 | @12001 @a人文科学译丛 |
| 510 | 1 | @aSimians, cyborgs, and women@ethe reinvention of nature@zeng |
| 517 | 1 | @a自然的重塑@9zi ran de chong su |
| 606 | 0 | @a妇女学@x研究 |
| 690 | @aC913.68@v5 | |
| 701 | 0 | @c(美)@a哈拉维@9ha la wei@c(Haraway, Donna J.@f1944-)@4著 |
| 702 | 0 | @a陈静@9chen jing@4译 |
| 801 | 0 | @aCN@b人天书店@c20170324 |
| 905 | @b992978-83@dC913.68@e1065=2@f6 | |
| 类人猿、赛博格和女人:自然的重塑=Simians, cyborgs, and women:the reinvention of nature/(美)唐娜·哈拉维(Donna J. Haraway)著/陈静译.-2版.-郑州:河南大学出版社,2016.12 |
| 537页;20cm.-(人文科学译丛) |
| 使用对象:人文科学研究者 |
| ISBN 978-7-5649-2567-3(精装):CNY78.00 |
| 本书作者仔细研究了出版物、论文、通信以及灵长类研究考察和制度的历史,揭示了现有社会关系起源的历史构建——种族、性别和阶级的自然化。分析了自然创造、现存有机体和赛博格的原因、叙述和故事。 |
| ● |
| 相关链接 |
|
|
|
|
正题名:类人猿、赛博格和女人
索取号:C913.68/1065=2
 
预约/预借
| 序号 | 登录号 | 条形码 | 馆藏地/架位号 | 状态 | 备注 |
| 1 | 992978 | 209929782 | 第一样本阅览室/ [索取号:C913.68/1065=2] | 在馆 | |
| 2 | 992979 | 209929791 | 第一借阅区/ [索取号:C913.68/1065=2] | 在馆 | |
| 3 | 992980 | 209929808 | 密集书库-海洋学院/ [索取号:C913.68/1065=2] | 在馆 | |
| 4 | 992981 | 209929817 | 第一借阅区/ [索取号:C913.68/1065=2] | 在馆 | |
| 5 | 992982 | 209929826 | 第一借阅区/ [索取号:C913.68/1065=2] | 在馆 | |
| 6 | 992983 | 209929835 | 第一借阅区/ [索取号:C913.68/1065=2] | 在馆 |